000 00298nam a2200133Ia 4500
003 OSt
005 20240111114054.0
008 170523s9999 xx 000 0 und d
020 _a9788126515547
040 _ciimtu
100 _aLee- J D
245 0 _aConcise Inorganic chemistry
942 _2ddc
_c02
999 _c11181
_d11181